Bogowie Słowian - Statystyki

Ogólne statystyki
  • Ten quiz został rozwiązany 94 razy
  • Średni wynik to 3 z 24
Statystyki odpowiedzi
Opis Bóg % Poprawnych
Bóg nieba i burzy, waleczności, władca piorunów, opiekun mężczyzn i wojowników Perun
90%
Bóg świata podziemnego i zmarłych Wołos
39%
Bóg ognia i kowalstwa Swaróg
34%
Bóg ognia Swarożyc
26%
Bóg niebios, urodzaju, słońca, ognia, wody i płodności czczony głównie na Rugii Świętowit
25%
Bogini płodności i urodzaju, opiekunka dzieci Mokosz
23%
Bóg z trzema głowami czczony głównie przez Połabian i Pomorzan Trzygłów
23%
Bogini wegetacji, śmierci i zimy Marzanna
18%
Naczelny bóg czczony w Radogoszczy Radogost
15%
Bóg związany ze sferą rodzinną, kultem przodków i losem Rod
10%
Bóstwo dostatku i słońca Dadźbóg
8%
Bogini dzikiej przyrody, lasów, księżyca i łowów Dziewanna
7%
Bóg wiatru Strzybóg
5%
Wschodniosłowiański bóg o nieznanych funkcjach, prawdopodobnie związany z płodnością Chors
3%
Bóg rugijski związany ze sferą wojenną i seksualną Rugiewit
3%
Bóstwa losu Rodzanice
2%
Bogini życia czczona na Połabiu Żywa
2%
Rugijski bóg zwycięstwa Czarnogłów
0%
Bóg wojny czczony przez Połabian Jarowit
0%
Bóg czczony przez Wagrów o nieznanych funkcjach Podaga
0%
Rugijski bóg z niepoznanymi funkcjami z 4 twarzami i piątą na piersiach Porenut
0%
Bóg czczony na wyspie Rugie o nieznanych funkcjach i posiadający 5 twarzy Porewit
0%
Połabski bóg, nie posiadający swojego posągu Prowe
0%
Bóg prawdopodobnie związany z opieką nad roślinami Simargł
0%
Nie znaleziono quizów pasujących do podanych kryteriów
Rozkład punktacji
Procent ludzi z każdym wynikiem
Percentyl według liczby udzielonych odpowiedzi
Twoja historia wyników
Nie rozwiązałeś tego quizu